Cuadernillo de Semillero de Derecho Internacional de Derechos Humanos

Bibliographic Details
Format: eBook
Language:Spanish
Published: [s.l.] : Unisabaneta, 2013 -
Subjects:
Online Access:Acceso restringido

MARC

LEADER 00000nam a22000007a 4500
005 20140505172943.0
007 cr|||| ||||
008 140505c20139999co u||| s|||| 0|||a1spa d
022 |a 2346-2833 
035 |a 12095 
040 |a vLex 
090 |c 4913  |d 4913 
245 0 0 |a Cuadernillo de Semillero de Derecho Internacional de Derechos Humanos  |h [Recurso electrn̤ico]  
256 |a Servicio en ln̕ea 
260 |a [s.l.] :  |b Unisabaneta,  |c 2013 - 
300 |a 1 recurso electrn̤ico 
321 |a Desconocida 
362 |a Nm︢. 1 (2014) - 
506 1 |a Contenido disponible en los productos indicados  |d vLex Global  |d vLex Global (Academic Edition, excluding Law Schools)  |d vLex Global (U.S. Academic Edition, Law Schools)  |d vLex Global (U.S. Academic Edition, excluding Law Schools)  |d vLex Global (Academic Edition, Law Schools) 
650 0 4 |a Derecho internacional 
650 0 4 |a Derechos humanos 
740 0 |a vLex Revistas (Servicio en ln̕ea) 
856 4 0 |u http://vlex.com/source/cuadernillo-semillero-derecho-internacional-derechos-humanos-12095  |z Acceso restringido 
942 |c REV 
999 0 |a International law 
999 0 |a Human rights